The World Trading System : (Record no. 163)

MARC details
000 -LEADER
fixed length control field 00949cam a2200265 a 4500
003 - CONTROL NUMBER IDENTIFIER
control field OSt
005 - DATE AND TIME OF LATEST TRANSACTION
control field 20170927205434.0
008 - FIXED-LENGTH DATA ELEMENTS--GENERAL INFORMATION
fixed length control field 170927b xxu||||| |||| 00| 0 eng d
020 ## - INTERNATIONAL STANDARD BOOK NUMBER
International Standard Book Number 0262100614
020 ## - INTERNATIONAL STANDARD BOOK NUMBER
International Standard Book Number 0262600277 (pbk.)
040 ## - CATALOGING SOURCE
Original cataloging agency LDCLIB
Transcribing agency LDCLIB
082 00 - DEWEY DECIMAL CLASSIFICATION NUMBER
Classification number 341.7543
Edition number 22
Item number JAC
100 1# - MAIN ENTRY--PERSONAL NAME
Personal name Jackson, Howard H.
Dates associated with a name 1932-
9 (RLIN) 464
245 14 - TITLE STATEMENT
Title The World Trading System :
Remainder of title law and policy of international economic relations /
Statement of responsibility, etc John H. Jackson.
250 ## - EDITION STATEMENT
Edition statement 2nd ed.
260 ## - PUBLICATION, DISTRIBUTION, ETC. (IMPRINT)
Place of publication, distribution, etc Cambridge, MA :
Name of publisher, distributor, etc MIT Press,
Date of publication, distribution, etc c1997.
300 ## - PHYSICAL DESCRIPTION
Extent [xi], 441 p. ;
Dimensions 24 cm.
504 ## - BIBLIOGRAPHY, ETC. NOTE
Bibliography, etc Includes bibliographical references (p. [353]-428) and index.
610 20 - SUBJECT ADDED ENTRY--CORPORATE NAME
Corporate name or jurisdiction name as entry element General Agreement on Tariffs and Trade (Organization)
9 (RLIN) 465
630 00 - SUBJECT ADDED ENTRY--UNIFORM TITLE
Uniform title General Agreement on Tariffs and Trade
Date of treaty signing (1947)
9 (RLIN) 466
650 #0 - SUBJECT ADDED ENTRY--TOPICAL TERM
Topical term or geographic name as entry element Tariff
General subdivision Law and legislation.
9 (RLIN) 467
650 #0 - SUBJECT ADDED ENTRY--TOPICAL TERM
Topical term or geographic name as entry element Foreign trade regulation.
9 (RLIN) 468
650 #0 - SUBJECT ADDED ENTRY--TOPICAL TERM
Topical term or geographic name as entry element International economic relations.
9 (RLIN) 454
942 ## - ADDED ENTRY ELEMENTS (KOHA)
Source of classification or shelving scheme Dewey Decimal Classification
Koha item type Books
Holdings
Withdrawn status Lost status Source of classification or shelving scheme Damaged status Not for loan Home library Current library Shelving location Date acquired Total Checkouts Full call number Barcode Date last seen Price effective from Koha item type
    Dewey Decimal Classification     Law Development Centre Main Library Law Development Centre Main Library Text Books and Laws 04/09/2011   341.7543 JAC 010/2000 04/09/2011 04/09/2011 Books